Research methods in politics and international relations / (Record no. 686)

MARC details
000 -LEADER
fixed length control field 01021nam a22003137a 4500
001 - CONTROL NUMBER
control field 21164750
005 - DATE AND TIME OF LATEST TRANSACTION
control field 20231101093906.0
008 - FIXED-LENGTH DATA ELEMENTS--GENERAL INFORMATION
fixed length control field 231101b |||||||| |||| 00| 0 eng d
010 ## - LIBRARY OF CONGRESS CONTROL NUMBER
LC control number 2019949073
020 ## - INTERNATIONAL STANDARD BOOK NUMBER
International Standard Book Number 9781526419088
Qualifying information (paperback)
020 ## - INTERNATIONAL STANDARD BOOK NUMBER
International Standard Book Number 9781526419071
Qualifying information (hardback)
040 ## - CATALOGING SOURCE
Original cataloging agency DLC
Language of cataloging eng
Description conventions rda
Transcribing agency KMU
Modifying agency KMU
042 ## - AUTHENTICATION CODE
Authentication code pcc
050 ## - LIBRARY OF CONGRESS CALL NUMBER
Classification number J A86 Lam
100 1# - MAIN ENTRY--PERSONAL NAME
Personal name Lamont, Christopher,
Relator term author.
245 10 - TITLE STATEMENT
Title Research methods in politics and international relations /
Statement of responsibility, etc. Christopher Lamont, Mietek Boduszynski.
263 ## - PROJECTED PUBLICATION DATE
Projected publication date 2004
264 #1 - PRODUCTION, PUBLICATION, DISTRIBUTION, MANUFACTURE, AND COPYRIGHT NOTICE
Place of production, publication, distribution, manufacture Thousand Oaks :
Name of producer, publisher, distributor, manufacturer SAGE,
Date of production, publication, distribution, manufacture, or copyright notice 2020.
300 ## - PHYSICAL DESCRIPTION
Extent xvi, 229 pages :
Dimensions 24 cm.
336 ## - CONTENT TYPE
Content type term text
Content type code txt
Source rdacontent
337 ## - MEDIA TYPE
Media type term unmediated
Media type code n
Source rdamedia
338 ## - CARRIER TYPE
Carrier type term volume
Carrier type code nc
Source rdacarrier
650 ## - SUBJECT ADDED ENTRY--TOPICAL TERM
Topical term or geographic name entry element Political science-Research Methodology.
650 ## - SUBJECT ADDED ENTRY--TOPICAL TERM
Topical term or geographic name entry element International relations-Research-Methodology.
700 1# - ADDED ENTRY--PERSONAL NAME
Personal name Boduszynski, Mietek,
Relator term author.
906 ## - LOCAL DATA ELEMENT F, LDF (RLIN)
a 0
b ibc
c orignew
d 2
e epcn
f 20
g y-gencatlg
942 ## - ADDED ENTRY ELEMENTS (KOHA)
Source of classification or shelving scheme Library of Congress Classification
Koha item type Non-Fiction
Suppress in OPAC No
Holdings
Withdrawn status Lost status Source of classification or shelving scheme Damaged status Not for loan Collection Home library Current library Shelving location Date acquired Source of acquisition Total Checkouts Full call number Barcode Date last seen Date last checked out Price effective from Koha item type
    Library of Congress Classification     Non-fiction Kapasa Makasa University Kapasa Makasa University Open Access 01.11.2023 Zambia Library Service 5 J A86 Lam 300638 11.11.2024 07.10.2024 01.11.2023 Non-Fiction